| 000 | 00700nam a2200229Ia 4500 | ||
|---|---|---|---|
| 003 | GCL | ||
| 008 | 140319s9999 xx 000 0 ara d | ||
| 040 |
_aGCL / _cGCL |
||
| 082 | 0 | 4 |
_aق _b962.034 _bف م |
| 100 | 1 | _aفارمان، البرت | |
| 245 | 1 | 0 |
_aمصر وكيف غدر بها ? / _cفارمان، البرت |
| 700 | 1 | _aعبدالفتاح عنايت | |
| 700 | 1 | _aعلى جمال الدين عزت | |
| 300 | _a331 ص | ||
| 490 |
_aالهيئة العامة للاستعلامات _v0 |
||
| 650 | 0 | 4 | _aالجغرافيا |
| 650 | 0 | 4 | _aالرحالة |
| 650 | 0 | 4 | _aالمكتشفون |
| 650 | 0 | 4 | _aوصف ورحلات |
| 650 | 0 | 4 | _aمصر - وصف ورحلات |
| 942 |
_2ddc _cBK |
||
| 999 |
_c50037 _d50037 |
||